Taylor Swift chansons - mort subite - Statistiques

Statistiques générales
  • Ce quiz a été pris 35 fois
  • Le résultat moyen est 9 sur 16
Answers on the Grid
Answers color-coded by a green-red scale on the quiz's grid according to % correct below.
I miss you, I'm sorry
Daylight
Mine
because I liked a boy
21
Woman
The Last Time
Beautiful Ghosts
Ghost
Cruel Summer
Lover Girl
Crazier
Daydreaming
The Cut That Always Bleeds
Safe & Sound
You & I
Chains of Love
Ronan
Wonderland
Teach Me How To Love
Common
Girl Crush
All Too Well
Risk
Lonesome
Question
Augusta
Forever and a Day
Babe
The 1
New Romantics
Lover of Mine
Change
Man I Need
you broke me first
Carolina
 
Statistiques - réponses
Réponse % Correct
Mine
86%
All Too Well
77%
Cruel Summer
77%
Daylight
77%
New Romantics
64%
Question
59%
The 1
59%
Wonderland
59%
Babe
50%
Change
50%
Ronan
50%
Safe & Sound
50%
The Last Time
45%
Crazier
41%
Beautiful Ghosts
32%
Carolina
32%
Aucun quiz correspondant
Distribution des résultats
% des personnes avec chaque résultat
Percentile par nombre de réponses
Votre historique - résultats
Vous n’avez pas pris ce quiz